LumiRank 2025.1 Smash Bros Ultimate Rankings Quiz - Statistics

General Stats
  • This quiz has been taken 93 times
  • The average score is 115 of 158
Answer Stats
# Country Player Mains % Correct
2 Japan acola Steve (SSBU)PyraMythra (SSBU)
100%
3 Japan Hurt Snake (SSBU)Sonic (SSBU)
98%
23 USA Kola Roy (SSBU)Cloud (SSBU)PyraMythra (SSBU)ROB (SSBU)
98%
4 Japan Miya Mr. Game & Watch (SSBU)Steve (SSBU)R.O.B. (SSBU)Diddy Kong (SSBU)
98%
8 Dominican Republic Sonix Sonic (SSBU)
98%
5 Mexico Sparg0 Cloud (SSBU)PyraMythra (SSBU)Piranha Plant (SSBU)Roy (SSBU)Byleth (SSBU)
98%
7 USA Tweek Diddy Kong (SSBU)Sephiroth (SSBU)Donkey Kong (SSBU)
98%
13 France Glutonny Wario (SSBU)Link (SSBU)
96%
16 USA Light Fox (SSBU)
96%
17 Mexico MkLeo Joker (SSBU)PyraMythra (SSBU)Byleth (SSBU)ROB (SSBU)
96%
9 USA Onin Steve (SSBU)R.O.B. (SSBU)Joker (SSBU)
96%
6 USA Zomba R.O.B. (SSBU)Wolf (SSBU)Palutena (SSBU)Dark Pit (SSBU)
96%
21 Japan Asimo Ryu (SSBU)Captain Falcon (SSBU)Palutena (SSBU)Ken (SSBU)
94%
37 USA Dabuz Rosalina (SSBU)Olimar (SSBU)Min Min (SSBU)
94%
1 Japan Doramigi Min Min (SSBU)Hero (SSBU)
94%
25 UK Luugi Luigi (SSBU)Bowser (SSBU)Bayonetta (SSBU)
94%
12 Japan Raru Luigi (SSBU)Min Min (SSBU)Kazuya (SSBU)Donkey Kong (SSBU)Mario (SSBU)
94%
10 Japan Shuton Olimar (SSBU)PyraMythra (SSBU)
94%
34 Japan Snow Mario (SSBU)Dr. Mario (SSBU)PyraMythra (SSBU)
94%
11 USA Syrup Steve (SSBU)Ness (SSBU)Random (SSB4)
94%
20 Japan Tea Kazuya (SSBU)Pac-Man (SSBU)
94%
30 Japan Yoshidora Yoshi (SSBU)
94%
26 Japan KEN Sonic (SSBU)Sephiroth (SSBU)
92%
103 Mexico Maister Mr. Game & Watch (SSBU)
92%
58 USA Marss Zero Suit Samus (SSBU)
92%
44 USA omega Joker (SSBU)Cloud (SSBU)
92%
19 Canada Ouch!? Wolf (SSBU)Pit (SSBU)
92%
63 Canada Riddles Terry (SSBU)Kazuya (SSBU)
92%
50 Japan Umeki Daisy (SSBU)
92%
29 USA BeastModePaul Hero (SSBU)Sephiroth (SSBU)
90%
15 Japan Carmelo Steve (SSBU)PyraMythra (SSBU)Shulk (SSBU)
90%
36 France crêpe salée Steve (SSBU)Wario (SSBU)ROB (SSBU)Luigi (SSBU)Kazuya (SSBU)Sonic (SSBU)
90%
46 USA Jakal Wolf (SSBU)
90%
53 USA Kurama Mario (SSBU)
90%
24 USA Lima Bayonetta (SSBU)
90%
28 USA MuteAce Peach (SSBU)Daisy (SSBU)
90%
27 Indonesia Neo Corrin (SSBU)Sonic (SSBU)
90%
56 Spain Sisqui Samus (SSBU)Dark Samus (SSBU)
90%
65 Germany Tarik Greninja (SSBU)
90%
40 USA Wrath Sonic (SSBU)
90%
31 Japan Yaura Samus (SSBU)Dark Samus (SSBU)Cloud (SSBU)
90%
HM Japan zackray Pit (SSBU)ROB (SSBU)Dark Pit (SSBU)
90%
130 Canada Big D Ice Climbers (SSBU)
88%
79 USA Mr. E Lucina (SSBU)
88%
22 USA Peabnut Mega Man (SSBU)
88%
39 France Raflow Palutena (SSBU)Mr. Game & Watch (SSBU)Samus (SSBU)Wario (SSBU)Joker (SSBU)Bayonetta (SSBU)
88%
117 USA SHADIC Corrin (SSBU)
88%
18 Guatemala ShinyMark Pikachu (SSBU)Marth (SSBU)
88%
14 Japan TamaPDaifuku Bayonetta (SSBU)
88%
48 Mexico MKBigBoss R.O.B. (SSBU)Diddy Kong (SSBU)
86%
38 Japan Toriguri Banjo (SSBU)
86%
52 Mexico WaKa Luigi (SSBU)
86%
HM Mexico AlanDiss Snake (SSBU)
84%
62 Japan Lv.1 Toon Link (SSBU)
84%
43 Japan Reno Byleth (SSBU)Sephiroth (SSBU)Greninja (SSBU)
84%
47 Japan Shion Hero (SSBU)Joker (SSBU)
84%
35 Japan Akakikusu Hero (SSBU)Sora (SSBU)
82%
42 USA ApolloKage Snake (SSBU)Steve (SSBU)
82%
87 France KID Mii Brawler (SSBU)
82%
74 France Mezcaul Ridley (SSBU)
82%
49 USA Monte Mr. Game & Watch (SSBU)Palutena (SSBU)
82%
32 Japan Rarikkusu Falco (SSBU)Donkey Kong (SSBU)Steve (SSBU)Kirby (SSBU)
82%
54 Japan Kaninabe Fox (SSBU)
80%
41 USA Kiyarash Luigi (SSBU)
80%
33 Japan Raki Kazuya (SSBU)Steve (SSBU)
80%
60 USA Candle Olimar (SSBU)
78%
69 USA Jahzz0 Ken (SSBU)Ryu (SSBU)
78%
80 USA Tilde Falco (SSBU)
78%
76 Japan alice Roy (SSBU)Kazuya (SSBU)
76%
66 Japan Karaage Captain Falcon (SSBU)
76%
85 USA Lui$ Palutena (SSBU)ROB (SSBU)
76%
105 France NaetorU Pichu (SSBU)
76%
88 France Susu Steve (SSBU)Mii Swordfighter (SSBU)
76%
150 Japan Taikei Sonic (SSBU)
76%
55 Japan uame Olimar (SSBU)
76%
142 USA BassMage Jigglypuff (SSBU)Steve (SSBU)
74%
115 Mexico Chag Min Min (SSBU)Palutena (SSBU)
74%
73 Japan Jagabata Duck Hunt (SSBU)
74%
111 Japan kept Isabelle (SSBU)Villager (SSBU)Diddy Kong (SSBU)
74%
99 Japan Leaf Robin (SSBU)Cloud (SSBU)
74%
51 Japan Masha Wolf (SSBU)
74%
45 Japan Mild na H.O Donkey Kong (SSBU)Mii Brawler (SSBU)Bowser (SSBU)
74%
118 Japan Shirayuki Inkling (SSBU)
74%
138 Mexico Andrik Captain Falcon (SSBU)
72%
107 USA JeJaJeJa Kirby (SSBU)
72%
96 Japan Kome Shulk (SSBU)
72%
102 Netherlands Supahsemmie Young Link (SSBU)
72%
104 Japan Yone_pi Pichu (SSBU)
72%
HM Dominican Republic Capitancito Mii Gunner (SSBU)
70%
82 Mexico Cosmos PyraMythra (SSBU)
70%
71 USA HyperKirby Roy (SSBU)
70%
100 Canada Lemmon Joker (SSBU)Sonic (SSBU)
70%
86 Japan Nao Mario (SSBU)
70%
67 Canada zawg Duck Hunt (SSBU)
70%
139 Japan Fui Yoshi (SSBU)Joker (SSBU)
68%
90 Japan Furararamen Isabelle (SSBU)Mr. Game & Watch (SSBU)
68%
84 Japan Gachipi Lucario (SSBU)Sonic (SSBU)
68%
59 Japan Gorioka Joker (SSBU)
68%
132 Mexico Guilheww Kirby (SSBU)
68%
113 USA Pharaoh Yoshi (SSBU)
68%
68 Japan Rimu Min Min (SSBU)
68%
57 Japan Ryuoh Diddy Kong (SSBU)
68%
119 Japan Tsubaki Joker (SSBU)
68%
116 Japan Lunamado Mii Brawler (SSBU)Luigi (SSBU)Mii Swordfighter (SSBU)Bowser (SSBU)
66%
146 Japan Sin Ice Climbers (SSBU)
66%
HM Mexico Many Steve (SSBU)
64%
81 Japan Kurofune Sonic (SSBU)
64%
61 Japan Mark Yoshi (SSBU)
64%
91 Japan Noi Pokemon Trainer (SSBU)Olimar (SSBU)
64%
101 Japan Ryopei Snake (SSBU)
64%
70 Japan tameigo ROB (SSBU)
64%
89 Japan Eik Peach (SSBU)
62%
78 Japan F1re PyraMythra (SSBU)
62%
77 USA Geist Bayonetta (SSBU)
62%
64 Japan M0tsunabE Falco (SSBU)
62%
127 Japan Metara Meta Knight (SSBU)
62%
128 France PeW Min Min (SSBU)
62%
141 USA WebbJP Sheik (SSBU)
62%
95 USA Free KayFlock Zelda (SSBU)
60%
97 Japan Midorun Dark Pit (SSBU)Pit (SSBU)
60%
83 Japan Tsuna Greninja (SSBU)Roy (SSBU)Cloud (SSBU)
60%
108 Japan Chon Fox (SSBU)PyraMythra (SSBU)
58%
136 Japan Navy Luigi (SSBU)Rosalina (SSBU)
58%
HM USA Quidd Pokemon Trainer (SSBU)
58%
106 Canada Anarchy Greninja (SSBU)
56%
148 USA JDV Pac-Man (SSBU)Mr. Game & Watch (SSBU)
56%
92 Japan DieGorou Corrin (SSBU)
54%
75 Japan Miru Kazuya (SSBU)
54%
109 France M.Pop0 Rosalina (SSBU)
54%
124 USA PkChris Ness (SSBU)
54%
135 Japan AyaLin Sora (SSBU)
52%
134 Japan Kuhaku Donkey Kong (SSBU)Steve (SSBU)
52%
93 Japan syadou Mario (SSBU)
52%
149 Japan chicken Diddy Kong (SSBU)
50%
131 Canada elijmin Shulk (SSBU)
50%
114 Japan Kuroponzu ROB (SSBU)
50%
HM Mexico Moe Greninja (SSBU)Duck Hunt (SSBU)
50%
121 Japan Sumaho Ness (SSBU)
50%
HM USA Wildz Kazuya (SSBU)
50%
112 Japan Yamanaction Steve (SSBU)
50%
72 Japan 33Peranbox Steve (SSBU)
48%
120 Japan Rokki Isabelle (SSBU)Olimar (SSBU)Pit (SSBU)Villager (SSBU)
48%
126 USA embo_z Duck Hunt (SSBU)
46%
98 USA Just Blue Steve (SSBU)Wii Fit Trainer (SSBU)
46%
123 USA Beastly Diddy Kong (SSBU)
44%
129 USA Ploopy Mr. Game & Watch (SSBU)
44%
145 Japan sssr ROB (SSBU)
44%
144 USA Dany Wolf (SSBU)
42%
HM Japan shirome Toon Link (SSBU)
42%
125 USA Yalmanac Peach (SSBU)Daisy (SSBU)
42%
147 USA AnthonyIsntCool Cloud (SSBU)
40%
110 Japan Naocha Diddy Kong (SSBU)
40%
94 Japan Nyonoknb Diddy Kong (SSBU)
38%
140 USA Chugs Hero (SSBU)
36%
143 USA GuyGuy Luigi (SSBU)Greninja (SSBU)
36%
122 USA Luigikid64 Luigi (SSBU)
36%
137 Japan LemozonA Young Link (SSBU)Snake (SSBU)
28%
133 USA Quandale Dinglelingleton Steve (SSBU)
26%
No matching quizzes found
Score Distribution
Percent of People with Each Score
Percentile by Number Answered
Your Score History
You have not taken this quiz